| 000 | 00498nam a2200169Ia 4500 | ||
|---|---|---|---|
| 005 | 20260623100726.0 | ||
| 008 | 170106s2012||||xx |||||||||||||| ||und|| | ||
| 020 |
_a9781439824146 _qhb |
||
| 082 |
_a006.31 _bROG |
||
| 100 | _aRogers, Simon | ||
| 245 | 2 | _aA first course in machine learning | |
| 260 |
_aBoca Raton _bCRC Press _c2012 |
||
| 300 | _axx, 285p. ; 24.5 cm. | ||
| 440 | _aChapman & Hall/CRC Machine learning & pattern recognition series | ||
| 700 | _aGirolami, Mark | ||
| 942 |
_cBK _2ddc |
||
| 999 |
_c19889 _d19889 |
||